| 000 | 00926pam a2200265 a 4500 | ||
|---|---|---|---|
| 001 | 1559309 | ||
| 003 | ARRUPE | ||
| 005 | 20160223113726.0 | ||
| 008 | 920331s1992 vaua b s001 0 eng | ||
| 010 | _a 92013504 | ||
| 020 | _a0813914159 (paper) | ||
| 040 |
_aDLC _cDLC _dDLC |
||
| 050 | 0 | 0 |
_aB2430.F724 _bS55 1992 |
| 082 | 0 | 0 |
_a194 _220 |
| 100 | 1 |
_aShumway, David R. _922415 |
|
| 245 | 1 | 0 |
_aMichel Foucault / _cby David R. Shumway. |
| 250 | _a1st pbk. ed. | ||
| 260 |
_aCharlottesville : _bUniversity Press of Virginia, _c1992. |
||
| 300 |
_a178 p. ; _bill. ; _c23 cm. |
||
| 504 | _aIncludes bibliographical references (p. 169-172) and index. | ||
| 600 | 1 | 0 |
_aFoucault, Michel, _d1926-1984. _922416 |
| 906 |
_a7 _bcbc _corignew _d1 _eocip _f19 _gy-gencatlg |
||
| 942 |
_2lcc _cMONOGRAPH |
||
| 999 |
_c124211 _d124211 |
||